10 Najlepszych strzelców Realu Madryt - Statystyki

Ogólne statystyki
  • Ten quiz został rozwiązany 67 razy
  • Średni wynik to 5 z 10
Statystyki odpowiedzi
Gole Piłkarz % Poprawnych
450 Cristiano Ronaldo
100%
354 Karim Benzema
92%
323 Raul
89%
306 Alfredo di Stefano
71%
242 Ferenc Puskas
69%
170 Emilio Butragueno
31%
208 Hugo Sanchez
27%
179 Paco Gento
18%
291 Santillana
8%
173 Pirri
3%
Nie znaleziono quizów pasujących do podanych kryteriów
Rozkład punktacji
Procent ludzi z każdym wynikiem
Percentyl według liczby udzielonych odpowiedzi
Twoja historia wyników
Nie rozwiązałeś tego quizu